Guide to mathematical modelling
A basic introduction to Mathematical Modelling, this book encourages the reader to participate in the investigation of a wide variety of modelling examples. These are carefully paced so that readers can identify and develop the skills which are required for successful modelling.
Tallennettuna:
| Päätekijä: | |
|---|---|
| Aineistotyyppi: | Kirja |
| Kieli: | Undetermined |
| Julkaistu: |
Basingstoke
Palgrave
2001
|
| Aiheet: | |
| Tagit: |
Lisää tagi
Ei tageja, Lisää ensimmäinen tagi!
|
| Thư viện lưu trữ: | Trung tâm Học liệu Trường Đại học Cần Thơ |
|---|
| LEADER | 00900nam a2200229Ia 4500 | ||
|---|---|---|---|
| 001 | CTU_146062 | ||
| 008 | 210402s9999 xx 000 0 und d | ||
| 020 | |c 53.98 | ||
| 082 | |a 511.8 | ||
| 082 | |b E26 | ||
| 100 | |a Edwards, Dilwyn | ||
| 245 | 0 | |a Guide to mathematical modelling | |
| 245 | 0 | |c Dilwyn Edwards and Michael Hamson | |
| 260 | |a Basingstoke | ||
| 260 | |b Palgrave | ||
| 260 | |c 2001 | ||
| 520 | |a A basic introduction to Mathematical Modelling, this book encourages the reader to participate in the investigation of a wide variety of modelling examples. These are carefully paced so that readers can identify and develop the skills which are required for successful modelling. | ||
| 526 | |a Toán kỹ thuật | ||
| 526 | |b CT138 | ||
| 650 | |a Mathematical models,Mô hình toán học | ||
| 904 | |i Trọng Hải | ||
| 980 | |a Trung tâm Học liệu Trường Đại học Cần Thơ | ||